Normal view MARC view

Entry Personal Name

Number of records used in: 1

001 - CONTROL NUMBER

  • control field: 12796

003 - CONTROL NUMBER IDENTIFIER

  • control field: OSt

005 - DATE AND TIME OF LATEST TRANSACTION

  • control field: 20211105133552.0

008 - FIXED-LENGTH DATA ELEMENTS

  • fixed length control field: 211105|| aca||aabn | a|a d

040 ## - CATALOGING SOURCE

  • Original cataloging agency: OSt
  • Transcribing agency: OSt

100 ## - HEADING--PERSONAL NAME

  • Personal name: Irwin, John B ed

670 ## - SOURCE DATA FOUND

  • Source citation: Work cat.: (OSt): National Science Foundation Astronomical Photoelectric Conference Arizona 1953 Aug. 31 - Sept. 1 12795, Astronomical photoelectric, 1953

Powered by Koha